000 00635nam a22002177a 4500
003 UA-OsUOA
001 41872
007 ta
008 20081110b un ||||| |||| 00| 0 ukr d
090 _a061/030
_bГ87
942 _cBK
040 _aUA-OsUOA
_bukr
_cUA-OsUOA
_dUA-OsUOA
245 _aГромадські організації - учасники ІІІ всесвітнього форуму українців
_bІнформаційний довідник
300 _a55 с.
955 _a4
041 _aukr
080 _a061/030
260 _aК.
_c2001
650 7 _a0 Загальний відділ.
_2UDC
999 _c440371
_d440371